00349nam a2200145Ia 450000500170000000800410001702000150005804000190007304100120009208200160010424500290012026000320014930000120018185000100019320230405114505.0131103s9999 xx 000 0 und d a1850521476 aLoreto College aEnglish a823.08bBES 4aThe best western stories aLondonbPeerage Booksc1990 a399 p.  aLCLIB